| 000 | 00559nam a22001697a 4500 | ||
|---|---|---|---|
| 082 | _a004 | ||
| 100 | _aKaab, Muhammad ; Zaidi, M. Shahid | ||
| 245 |
_aEPSP: _bEvent Planning Service Provider / _cMuhammad Kaab ; M. Shahid Zaidi |
||
| 260 |
_aIslamabad : _bNUST - NUST, _c2019. |
||
| 300 |
_a41 p. ; _c30cm. |
||
| 563 | _aHBK | ||
| 650 | _aComputer Science-Project Report | ||
| 700 | _aDr. Muhammad Ali Tahir | ||
| 856 | _uhttp://10.250.8.41:8080/xmlui/handle/123456789/28106 | ||
| 942 |
_2ddc _cPR |
||
| 999 |
_c536230 _d536230 |
||